00306nam a2200133Ia 4500003000900000008004100009040001300050040001300063245004800076245001100124260002300135300000800158490000600166IT-RoPAU120407s9999 xx 000 0 und d aIT-RoPAU cIT-RoPAU 2aA misura di Vangelo. Fede, dottrina. Chiesa cAA.VV. aSan Paolo Edizioni c cm v1